000 00267nam a2200109Ia 4500
008 190911s9999||||xx |||||||||||||| ||und||
100 _aRichard Hodge
245 0 _aExploring artificial Intelligence
260 _aWashington
_bPearson
_c1985
300 _a693
942 _cBK
999 _c6722
_d6722